00369nam a2200157Ia 4500003000400000008004100004040001600045082001300061100002100074245003200095260004200127300000900169650000900178650001300187650001100200GCL140319s9999 xx 000 0 eng d aGCL / cGCL04a759bM R1 aMICHELETLI, EMMA10aRUBENS / cMICHELETLI, EMMA a[S.N] : bTHAMES AND HUDSON ، c1989 a79 P04aARTS04aPAINTING04aRUBENS